Time Management of Slovak Managers
Hlavné zásady time managementu a skúmanie efektívneho využívania a riadenia času v živote manažéra. Čas ako komodita, ktorá musí byť riadená rovnako ako peniaze. Vzťah medzi spokojnosťou a výkonom. Praktické odporúčania pre efektívne riadenie času.
Saved in:
| Main Author: | |
|---|---|
| Other Authors: | |
| Format: | Book Chapter |
| Language: | English |
| Subjects: | |
| Tags: |
No Tags, Be the first to tag this record!
|
MARC
| LEADER | 00000nla a2200000 4500 | ||
|---|---|---|---|
| 001 | 0205422 | ||
| 005 | 20250617083134.3 | ||
| 041 | 0 | |a eng | |
| 044 | |a US | ||
| 245 | 1 | 0 | |a Time Management of Slovak Managers |c Elena Thomasová, Zuzana Skorková |
| 520 | |a Hlavné zásady time managementu a skúmanie efektívneho využívania a riadenia času v živote manažéra. Čas ako komodita, ktorá musí byť riadená rovnako ako peniaze. Vzťah medzi spokojnosťou a výkonom. Praktické odporúčania pre efektívne riadenie času. | ||
| 610 | 2 | 0 | |a manažment času |
| 610 | 2 | 0 | |a manažéri |
| 610 | 2 | 0 | |a metódy riadenia |
| 610 | 2 | 0 | |a riadenie času |
| 610 | 2 | 0 | |a rozhodovanie manažérske |
| 610 | 2 | 0 | |a organizácia času |
| 610 | 2 | 0 | |a organizácia práce |
| 100 | 1 | |a Thomasová, Elena | |
| 700 | 1 | |a Skorková, Zuzana, 1979- | |